Direct Tax Laws & International Taxation(Vol. 1&2)/ (Record no. 1431127)

MARC details
000 -LEADER
fixed length control field 00849nam a22002777a 4500
005 - DATE AND TIME OF LATEST TRANSACTION
control field 20250528104923.0
008 - FIXED-LENGTH DATA ELEMENTS--GENERAL INFORMATION
fixed length control field 250528b |||||||| |||| 00| 0 eng d
037 ## - SOURCE OF ACQUISITION
Terms of availability TB
040 ## - CATALOGING SOURCE
Original cataloging agency LCT
Transcribing agency LCT
041 ## - LANGUAGE CODE
Source of code LCT
Language code of text/sound track or separate title LCT
Language code of original LCT
084 ## - COLON CLASSIFICATION NUMBER
Classification number X72:(Z) R1
100 ## - MAIN ENTRY--PERSONAL NAME
Personal name Ahuja, Girish
9 (RLIN) 810599
245 ## - TITLE STATEMENT
Title Direct Tax Laws & International Taxation(Vol. 1&2)/
250 ## - EDITION STATEMENT
Edition statement 40th
260 ## - PUBLICATION, DISTRIBUTION, ETC.
Place of publication, distribution, etc. Punjab, india:
Name of publisher, distributor, etc. Wolter Kuluwer Publication,
Date of publication, distribution, etc. 2021
300 ## - PHYSICAL DESCRIPTION
Extent 2V(cxxv, 1005p: )
365 ## - TRADE PRICE
Price type code INR
Price amount 1750 (Set price)
500 ## - GENERAL NOTE
General note This book is published in two volumes.
650 ## - SUBJECT ADDED ENTRY--TOPICAL TERM
Topical term or geographic name entry element Law
9 (RLIN) 809275
650 ## - SUBJECT ADDED ENTRY--TOPICAL TERM
Topical term or geographic name entry element Income Tax
9 (RLIN) 810597
650 ## - SUBJECT ADDED ENTRY--TOPICAL TERM
Topical term or geographic name entry element Direct tax
9 (RLIN) 810598
650 ## - SUBJECT ADDED ENTRY--TOPICAL TERM
Topical term or geographic name entry element GST
9 (RLIN) 809276
650 ## - SUBJECT ADDED ENTRY--TOPICAL TERM
Topical term or geographic name entry element Salaries tax
9 (RLIN) 809277
700 ## - ADDED ENTRY--PERSONAL NAME
Personal name Gupta, Ravi
9 (RLIN) 810600
942 ## - ADDED ENTRY ELEMENTS (KOHA)
Source of classification or shelving scheme Colon Classification (CC)
Koha item type General Books
Classification part X72:(Z) R1
Suppress in OPAC No
Holdings
Withdrawn status Lost status Source of classification or shelving scheme Damaged status Not for loan Collection Home library Current library Shelving location Date acquired Source of acquisition Inventory number Total Checkouts Full call number Barcode Date last seen Price effective from Koha item type
    Colon Classification (CC)     Non-fiction Law Centre-II Library Law Centre-II Library General Stacks 2025-05-28 Singhal Publication 2306/09.03.2021   X72:(Z) R1 LT0027793 2025-05-28 2025-05-28 General Books
    Colon Classification (CC)     Non-fiction Law Centre-II Library Law Centre-II Library General Stacks 2025-05-28 Singhal Publication 2306/09.03.2021   X72:(Z) R1 LT0027794 2025-05-28 2025-05-28 General Books
    Colon Classification (CC)     Non-fiction Law Centre-II Library Law Centre-II Library General Stacks 2025-05-28 Singhal Publication 2306/09.03.2021   X72:(Z) R1 LT0027795 2025-05-28 2025-05-28 General Books
    Colon Classification (CC)     Non-fiction Law Centre-II Library Law Centre-II Library General Stacks 2025-05-28 Singhal Publication 2306/09.03.2021   X72:(Z) R1 LT0027796 2025-05-28 2025-05-28 General Books
    Colon Classification (CC)     Non-fiction Law Centre-II Library Law Centre-II Library General Stacks 2025-05-28 Singhal Publication 2306/09.03.2021   X72:(Z) R1 LT0027797 2025-05-28 2025-05-28 General Books
    Colon Classification (CC)     Non-fiction Law Centre-II Library Law Centre-II Library General Stacks 2025-05-28 Singhal Publication 2306/09.03.2021   X72:(Z) R1 LT0027798 2025-05-28 2025-05-28 General Books
    Colon Classification (CC)     Non-fiction Law Centre-II Library Law Centre-II Library General Stacks 2025-05-28 Singhal Publication 2306/09.03.2021   X72:(Z) R1 LT0027799 2025-05-28 2025-05-28 General Books
    Colon Classification (CC)     Non-fiction Law Centre-II Library Law Centre-II Library General Stacks 2025-05-28 Singhal Publication 2306/09.03.2021   X72:(Z) R1 LT0027800 2025-05-28 2025-05-28 General Books
    Colon Classification (CC)     Non-fiction Law Centre-II Library Law Centre-II Library General Stacks 2025-05-28 Singhal Publication 2306/09.03.2021   X72:(Z) R1 LT0027801 2025-05-28 2025-05-28 General Books
    Colon Classification (CC)     Non-fiction Law Centre-II Library Law Centre-II Library General Stacks 2025-05-28 Singhal Publication 2306/09.03.2021   X72:(Z) R1 LT0027802 2025-05-28 2025-05-28 General Books
Copyright @ Delhi University Library System